Scrambling Quarterbacks (NFL) - Statistics

General Stats
  • This quiz has been taken 166 times
  • The average score is 16 of 22
Answer Stats
Team Draft year Retirement Rushing Yards Quarterback % Correct
Ravens 2018 Still Active 1483 Lamar Jackson
96%
Panthers 2011 Still Active 4806 Cam Newton
93%
Falcons, Eagles, Jets, Steelers 2001 2015 6109 Micheal Vick
93%
Seahawks 2012 Still Active 3907 Russell Wilson
92%
Cowboys 2016 Still Active 1137 Dak Prescott
91%
Packers 2005 Still Active 3048 Aaron Rodgers
88%
Texans 2017 Still Active 1111 Deshaun Watson
86%
Buccaneers 2015 Still Active 956 Jameis Winston
86%
49ers 2011 Free Agent, Last played in 2016 2300 Colin Kaepernick
82%
Buccaneers, 49ers 1985 1999 4239 Steve Young
79%
Titans 2015 Still Active 1399 Marcus Mariota
78%
Redskins, Browns, Ravens 2012 Still Active 1687 Robert Griffin
78%
Broncos 1983 1998 3407 John Elway
77%
Eagles, Redskins, Vikings 1999 2011 3459 Donovan McNabb
73%
Ravens, Bills, Browns, Chargers 2011 Still Active 1835 Tyrod Taylor
68%
Eagles, Vikings, Cowboys, Ravens 1985 2001 4928 Randall Cunningham
66%
Titans, Ravens 1995 2007 3590 Steve McNair
66%
Vikings, Giants 1961 1978 3674 Fran Tarkenton
63%
Vikings, Dolphins, Raiders, Lions 1999 2009 2652 Daunte Culpepper
59%
Steelers, Bears, Ravens 1995 2005 2874 Kordell Stewart
40%
Bears, Colts, Ravens, Chargers 1987 2000 2787 Jim Harbaugh
31%
Lions, Colts, Bears 1968 1984 2655 Greg Landry
9%
No matching quizzes found
Score Distribution
Percent of People with Each Score
Percentile by Number Answered
Your Score History
You have not taken this quiz